| 000 | 01645nam a2200337Ia 4500 | ||
|---|---|---|---|
| 001 | ebr10061384 | ||
| 003 | CaPaEBR | ||
| 006 | m u | ||
| 007 | cr cn||||||||| | ||
| 008 | 040323s2004 paua gsb 001 0 eng d | ||
| 020 | _z1588115143 (v. 1 : alk. paper) | ||
| 040 |
_aCaPaEBR _cCaPaEBR |
||
| 035 | _a(OCoLC)133169418 | ||
| 050 | 1 | 4 |
_aP291 _b.I68 2004eb |
| 111 | 2 |
_aInternational Conference on English Historical Linguistics _n(12th : _d2002 : _cUniversity of Glasgow) |
|
| 245 | 1 | 0 |
_aSyntax and morphology _h[electronic resource] : _bselected papers from 12 ICEHL, Glasgow, 21-26 August 2002. _nVolume 1 / _cedited by Christian J. Kay, Simon Horobin, Jeremy Smith. |
| 260 |
_aPhiladelphia : _bJ. Benjamins, _cc2004. |
||
| 300 |
_ax, 262 p. : _bill. |
||
| 490 | 0 |
_aAmsterdam studies in the theory and history of linguistic science, Series IV, Current issues in linguistic theory, _x0304-0763 ; _vv. 251 |
|
| 490 | 0 |
_aNew perspectives on English historical linguistics ; _vv.1 |
|
| 504 | _aIncludes bibliographical references and index. | ||
| 533 |
_aElectronic reproduction. _bPalo Alto, Calif. : _cebrary, _d2009. _nAvailable via World Wide Web. _nAccess may be limited to ebrary affiliated libraries. |
||
| 650 | 0 |
_aEnglish language _xGrammar, Historical _vCongresses. |
|
| 650 | 0 |
_aEnglish language _xHistory _vCongresses. |
|
| 655 | 7 |
_aElectronic books. _2local |
|
| 700 | 1 | _aHorobin, Simon. | |
| 700 | 1 | _aKay, Christian. | |
| 700 | 1 |
_aSmith, J. J. _q(Jeremy J.) |
|
| 710 | 2 | _aebrary, Inc. | |
| 856 | 4 | 0 |
_uhttp://site.ebrary.com/lib/rucke/Doc?id=10061384 _zAn electronic book accessible through the World Wide Web; click to view |
| 999 |
_c155453 _d155453 |
||